000 00492nam a22001457a 4500
082 _a510
_bBMA/B
100 _aBRAIN MAPPING ACADEMY
245 _aBMA'S HANDBOOK OF MATHEMATICS
250 _aFIRST EDITION
260 _aHYDERABAD
_bBRAIN MAPPING ACADEMY
_c2004
300 _a352
520 _aUSEFUL FOR STUDENTS OF ALL CLASSES FROM VI TO XII, COVERS FORMULA, VALUES OF CONSTANTS, EXPLANATION OF ALL TECHNICAL TERMS, USEFUL SHORTCUT FORMULAE
650 _aMATHS REFERENCE
_zINDIA
942 _cBK
999 _c1290
_d1290